00893cam a22002774a 450000100090000000300060000900500170001500800410003201000170007302000280009004000180011804200080013604300120014405000230015608200120017910000220019124500410021325000120025426000410026630000390030750400530034665000210039965000330042085600870045385600750054013336409cu12320250703153709.0030908s2005 maua b 001 0 eng  a 2003065010 a0072871776 (alk. paper) aDLCcDLCdDLC apcc an-us---00aHD4901b.B674 200500a3312221 aBorjas, George J.10aLabor economics /cGeorge J. Borjas. a3rd ed. aBoston :bMcGraw-Hill/Irwin,cc2005. axix, 536 p. :bcol. ill. ;c24 cm. aIncludes bibliographical references and indexes. 0aLabor economics. 0aLabor marketzUnited States.423Publisher descriptionuhttp://www.loc.gov/catdir/description/mh051/2003065010.html413Table of contentsuhttp://www.loc.gov/catdir/toc/mh041/2003065010.html